Crazy Eights Quiz Stats

 Plays Quiz Updated Jan 14, 2019

Support Sporcle.
Go Orange.
Score 0/32 Timer 01:30
2 Plays Today
Answer % Correct
Earth
97.7%
Mars
97.3%
Venus
95%
Saturn
94.6%
Jupiter
93.6%
Uranus
92.9%
Mercury
92.4%
Harvard University
90%
Neptune
88.5%
Noun
87.8%
Verb
87.5%
Yale University
86%
Adjective
82.2%
Adverb
81.2%
Brown University
69.4%
India
67.6%
Answer % Correct
Iran
64.3%
Iraq
63.7%
Princeton University
62.5%
Indonesia
58.6%
Pronoun
58.5%
Iceland
51.1%
Ireland
50.1%
Cornell University
48.2%
Columbia University
47.4%
University of Pennsylvania
44.6%
Dartmouth College
44.6%
Italy
44.4%
Conjunction
42.1%
Preposition
39.5%
Israel
33.8%
Interjection
21.5%

From the Vault

Movie Name Swap

by bruceN

Movies 8m
These clues could easily double as tabloid headlines.
Remove Ads.
Support Sporcle.
Get the best of Sporcle when you Go Orange. This ad-free experience offers more features, more stats, and more fun while also helping to support Sporcle. Thank you for becoming a member.

Show Comments

Extras

Top Quizzes Today


Score Distribution

Your Account Isn't Verified!

In order to create a playlist on Sporcle, you need to verify the email address you used during registration. Go to your Sporcle Settings to finish the process.

Report this User

Report this user for behavior that violates our Community Guidelines.

Details: